000 01254nam a22001697a 4500
999 _c11794
_d11794
008 190107b ||||| |||| 00| 0 eng d
020 _a978-1-84916-342-2
082 _22006
_aDFic
_bL329
100 _aLarsson, Stieg
_933602
245 _aThe girl who played with fire/
_cStieg Larsson
260 _aLondon:
_bQuercus
_c©2006
300 _a569 pages;
_c19 cm.
520 _aThe Exposé Mikael Blomkvist has made his reputation exposing corrupt establishment figures. So when a young journalist approaches him with an investigation into sex trafficking, Blomkvist cannot resist waging war on the powerful figures within his lucrative industry. The Murder When a young couple are found dead in their Stockholm apartment, it's straightforward job for Inspector Bublanski and his team. The killer left the weapon at the scene -- and the fingerprints on the gun point in only one direction. The Girl Who Played with Fire Lisbeth Salander is wanted for murder. Her history of vengeful behaviour makes her an official danger to society -- but no-one can find ger. The only way Salander can be reached is by computer. But she can break into almost any network she chooses...
650 _aFICTION
_933603
365 _b230.00
_cPhp
942 _2ddc
_cDFIC